[Event "Moscow Aeroflot op-A"]
[Site "Moscow"]
[Date "2007.02.22"]
[Round "9"]
[White "Volokitin, Andrei"]
[Black "Yakovich, Yuri"]
[Result "1-0"]
[WhiteElo "2645"]
[BlackElo "2577"]
[Annotator "Rogozenco,D"]
[PlyCount "75"]
[EventDate "2007.02.14"]
[EventType "swiss"]
[EventRounds "9"]
[EventCountry "RUS"]
[SourceTitle "CBM 117"]
[Source "ChessBase"]
[SourceDate "2007.03.30"]
[SourceVersion "1"]
[SourceVersionDate "2007.03.30"]
[SourceQuality "1"]

1. e4 c5 2. Nf3 Nc6 3. d4 cxd4 4. Nxd4 Nf6 5. Nc3 e5 6. Ndb5 d6 7. Bg5 a6 8.
Na3 b5 9. Bxf6 gxf6 10. Nd5 f5 11. Bd3 Be6 12. O-O Bg7 (12... Bxd5 13. exd5 Ne7
{is the critical line of the past decade.}) 13. Qh5 f4 14. c4 $1 bxc4 15. Bxc4
O-O 16. Rac1 Rb8 17. Nxf4 $5 {A very rare move, which is condemned by the
theory almost 30 years ago based on a single game. Needless to say, there is
practically no theory here at all.} (17. b3 $14) 17... Bxc4 (17... exf4 18.
Bxe6 Ne7 ({or} 18... fxe6 19. Rxc6 $36) 19. Bc4 $5 (19. Bf5 Nxf5 20. exf5 Bxb2
21. Rb1 Bxa3 22. Rxb8 Qxb8 23. Qg5+ {1/2-1/2 Perez Garcia,J-Chamorro Areses,A/
Corr 1991}) 19... Bxb2 20. Rcd1 Bxa3 $140 21. Rd3 $16 {[%cal Gd3h3]}) 18. Rxc4
Ne7 19. Nd3 f5 ({After} 19... d5 20. exd5 Qxd5 21. Qe2 {in the correspondence
game Lensky,I-Tyulin,E/ 1994 Black couldn't prove compensation for the pawn:}
Nc6 22. b3 Nd4 23. Qe3 Rfd8 24. Rc5 Qe6 25. Nc4 Rb5 26. Rxe5 $1 Rxe5 (26...
Bxe5 27. Qg5+ $18) 27. Ndxe5 Nf5 28. Qe1 Nd4 29. Kh1 f6 30. Nf3 Qxe1 31. Rxe1
Nxf3 32. gxf3 $18) 20. Rd1 fxe4 21. Rxe4 Ng6 22. Nc4 $1 $146 ({The old theory
is based on the following game:} 22. g3 d5 23. Rg4 Qf6 24. Rd2 Kh8 25. Nc5 Rbc8
26. Rxg6 Qxg6 27. Qxg6 hxg6 28. Rxd5 e4 29. Nc4 Rf5 30. Rxf5 gxf5 $17 {0-1
Sibarevic,M (2355)-Adorjan,A (2525)/Banja Luka 1979 (38) Volokitin's move to
bring the knight into game immediately is more logical.}) 22... Qc7 ({The
tactical justification of 22.Nc4 is that after} 22... d5 23. Ndxe5 {
complications favour White:} Nxe5 24. Nxe5 (24. Rh4 $5) 24... Rxb2 (24... Qe8
25. Qxe8 Rfxe8 26. Rxd5 Rxb2 27. f4 $16) 25. Rh4 (25. Re2 Rxe2 26. Qxe2 Re8 27.
f4 $14) 25... h6 26. Nf3 Rxa2 27. Rg4 $36) 23. Rc1 {The rook on the c-file
will later offer Black additional tactical possibilities.} ({Strong looks} 23.
Rg4 {and it is not easy for Black to create counterplay. Perhaps he should
prepare the advance of the central pawns:} Rbd8 $5 {(protecting the d-pawn and
preparing ...Qf7)} (23... d5 $6 24. Ncxe5 $16) (23... Qf7 $2 24. Nxd6) (23...
e4 24. Qd5+ (24. Rxe4 $2 Rb5 {followed by ...d5}) 24... Qf7 25. Qxf7+ Rxf7 26.
Nc1 Rbf8 27. Rxe4 Rxf2 28. Nd3 R2f6 29. Nb4 $16) 24. h3 Qf7 25. Qg5 (25. b3 e4
$1 26. Rxe4 d5 27. Nce5 Nxe5 28. Rxe5 Bxe5 29. Qxe5 Qf6 $14 {/=}) 25... Kh8 $1
{with some compensation} (25... e4 26. Rxe4 d5 27. Nce5 $16)) 23... Qf7 ({After
} 23... d5 {Black again has good chances to achieve a draw, but it is
unpleasant to struggle in the arising endgames:} 24. Ncxe5 Qxc1+ 25. Nxc1 dxe4
26. Nxg6 hxg6 27. Qxg6 Rxb2 28. Qe6+ ({or} 28. Qxe4 Rfxf2 29. Nd3 (29. Qc4+ Kh7
30. Qh4+ Bh6 {[%csl Rc1]}) 29... Rxg2+ 30. Qxg2 Rxg2+ 31. Kxg2 $16) 28... Rf7 (
28... Kh8 29. Qxe4 Rbxf2 $140 $2 30. Qh4+ $18) 29. h4 Rbxf2 30. Kh2 $5 R2f4
$140 $6 31. Kh3 $16 {[%csl Re4][%cal Gg2g3,Gc1e2]}) 24. Re3 (24. Rce1 $142 d5
25. Ncxe5 Nxe5 26. Rxe5 Bxe5 27. Qxe5 $14 {/=} (27. Rxe5 Qxh5 28. Rxh5 $14)) (
24. Nxd6 $2 Qd5 $17) 24... Rbc8 $1 {Now Black has sufficient counterplay} 25.
Rh3 Bf6 (25... h6 $5 26. Rf3 $140 (26. Rg3 $2 e4 $132) 26... Nf4 27. Qxf7+ Rxf7
28. Nxf4 exf4 {[%cal Gd6d5]} 29. Rfc3 (29. Rd3 Bxb2 $1) 29... Bxc3 30. Nxd6 Rd7
31. Nxc8 Bxb2 $44) 26. Nxd6 Rxc1+ 27. Nxc1 Qc7 28. Qd1 (28. Nc4 Nf4 (28... Qxc4
$4 29. Qxh7#) 29. Qg4+ Kh8 30. Rc3 Rg8 $132) 28... Rd8 29. Rd3 Nf4 30. Rd2 (30.
Ne4 Nxd3 31. Nxf6+ Kh8 $1 (31... Kg7 32. Nxd3 Qd6 33. Nh5+ $16 {[%csl Rg7]})
32. Nxd3 Qd6 {will most likely end in a draw}) 30... Qc6 $2 {Removing the
queen from the seventh rank turns out to be the decisive mistake.} ({After} 
30... Bg5 {it is White who must look for escape:} 31. Nb3 (31. Qg4 Kh8 $17) (
31. Qb3+ Kg7 {[%csl Rc1,Rd6]} 32. Qc4 (32. Nf5+ Kg6 33. Rxd8 Bxd8 $19 {[%csl
Rc1,Rf5]}) 32... Qxc4 33. Nxc4 Nh3+ 34. gxh3 Bxd2 $17) 31... Nh3+ $1 32. gxh3
Bxd2 {with advantage for Black}) 31. f3 {Now Black is in troubles} Bg5 32. Qb3+
$1 {[%csl Rf7]} Kg7 33. Qf7+ Kh8 34. Nb3 $18 Ng6 (34... Rxd6 35. Qf8#) (34...
Ne2+ 35. Rxe2 Qxd6 36. Qc4 $18) 35. Qe6 Qb6+ 36. Kf1 Rxd6 37. Qxd6 Qb5+ 38. Qd3
1-0

[Event "BCF-ch 89th"]
[Site "Torquay"]
[Date "2002.08.06"]
[Round "8"]
[White "Gormally, Daniel"]
[Black "McShane, Luke J"]
[Result "0-1"]
[WhiteElo "2525"]
[BlackElo "2544"]
[Annotator "Rogozenco,D"]
[PlyCount "82"]
[EventDate "2002.07.29"]
[EventType "swiss"]
[EventRounds "11"]
[EventCountry "ENG"]
[SourceTitle "CBM 091"]
[Source "ChessBase"]
[SourceDate "2002.11.12"]
[SourceVersion "1"]
[SourceVersionDate "2002.11.12"]
[SourceQuality "1"]

1. e4 {McShane} c5 2. Nf3 Nc6 3. d4 cxd4 4. Nxd4 Nf6 5. Nc3 e5 6. Ndb5 d6 7.
Bg5 a6 8. Na3 b5 9. Bxf6 gxf6 10. Nd5 f5 11. exf5 Bxf5 12. c3 Bg7 13. Nc2 Be6 {
Designed to prevent White's set-up with Nce3 and Bd3.} (13... O-O 14. Nce3 Be6
15. Bd3 {is another main line.}) 14. Nce3 Ne7 15. Nxe7 {'?!' McShane.} (15. g3
$142 {McShane}) 15... Qxe7 16. a4 {As usual this pawn advance brings nothing
when made in the moment when White didn't finish development yet.} b4 {'?!'
McShane.} (16... O-O 17. axb5 axb5 {[%cal Ge7b7] is enough for equality. The
game continuation is more ambitious.} 18. Rxa8 Rxa8 19. Bxb5 Qb7 $1 (19... d5 {
McShane} 20. Bc6 $1 Rd8 21. Bxd5 {when White is better.}) 20. c4 $140 d5 $1 $17
{[%csl Rb5,Gd5,Re3,Ge5][%cal Yd5d4]}) 17. Bc4 (17. Nd5 Qb7 18. Nxb4 O-O 19. a5
d5 20. Qa4 d4 21. Qc6 Qxc6 22. Nxc6 dxc3 23. bxc3 Rfe8 24. Rc1 Rac8 25. Nb4 e4
$36 {1/2-1/2 Kosten,A-Fries Nielsen,J/Naestved 1988/EXT 2000 (41)}) (17. c4 O-O
18. g4 $2 e4 19. Qc2 $2 (19. Qd2 $15) 19... b3 $1 20. Qd2 Bh6 21. Be2 Qh4 22.
O-O-O Bf4 23. Rdf1 Rac8 24. Qd4 Be5 25. Qxe4 f5 26. Qg2 f4 27. Nd1 f3 28. Bxf3
Bxc4 $19 {0-1 Galje,H-Kummerow,H/Dortmund 1993/TD (31)}) (17. cxb4 d5 (17...
O-O) 18. Nxd5 Qb7 (18... Bxd5 19. Qxd5 Qxb4+ 20. Qd2 Qe4+ 21. Qe3 Qb4+ 22. Qc3
Qe4+ $11) 19. Nc3 Qxb4 20. Qc2 f5 21. Be2 O-O 22. O-O e4 $44 {1-0 Lorin,F-De
Saint Germain,G/FRA-ch62 corr 1997/ 47)}) 17... bxc3 18. bxc3 O-O 19. O-O (19.
Bd5 {McShane} Rac8 20. c4 f5 21. O-O Kh8 $36 {[%cal Yf5f4]} (21... f4 {McShane}
22. Qg4)) 19... Rac8 $1 (19... Rfc8 20. Bd5 $11) 20. Bxa6 (20. Bd5 $2 Rxc3 $17)
20... Rxc3 21. Nd5 {'[]' McShane.} Bxd5 22. Qxd5 Rc5 23. Qb7 (23. Qd2 d5 $15)
23... Qxb7 (23... Qe6 {McShane} 24. Bb5 $13 (24. Rac1 {McShane} e4 25. Rxc5
dxc5 $13 {[%csl Gd4][%cal Yg7d4]})) 24. Bxb7 Rb8 {'!' McShane.} 25. Rfb1 $2 {
'??' McShane.} (25. Ba6 $15) (25. Be4 {McShane} d5 26. Bf5 e4 $15) (25. Rab1 {
McShane} d5 26. Rfd1 (26. Rb3 {McShane} d4 27. Rfb1 d3 $1 {[%csl Gd3]}) 26...
Kf8 $15 {[%csl Gd5,Ge5]}) 25... e4 {'!' McShane.} 26. Bxe4 $2 (26. Ba6 Ra8 27.
Ra3 $1 d5 $15 {/-/+} (27... Rxa6 $4 28. Rb8+ Bf8 29. Rg3+)) (26. Ra2 {McShane}
Rxb7 $19) 26... Rbc8 $1 $19 {After several mistakes of his opponent, Black
wins an exchange, reaching a technically winning endgame.} 27. g3 (27. Bb7 {
McShane} R8c7 28. a5 Bxa1 29. a6 Ra5 $19) (27. f3 {McShane} Bxa1 28. Rxa1 Rc1+
29. Rxc1 Rxc1+ 30. Kf2 Rc4 31. a5 Ra4 $19) (27. Ra2 {McShane} Rc1+ 28. Rxc1
Rxc1# {[%csl Rg1]}) 27... Bxa1 28. Rxa1 Rc1+ 29. Rxc1 Rxc1+ 30. Kg2 Rc4 31. Kf3
Rxa4 32. Ke3 Kg7 33. Bd5 f5 34. h3 f4+ 35. Kf3 fxg3 36. fxg3 Kf6 37. h4 Kf5 38.
Bg8 Ra3+ 39. Kg2 h6 40. Kh3 Re3 41. Bh7+ Ke5 0-1

[Event "Julian Borowski-A 4th"]
[Site "Essen"]
[Date "2002.05.20"]
[Round "5"]
[White "Luther, Thomas"]
[Black "Leko, Peter"]
[Result "0-1"]
[WhiteElo "2566"]
[BlackElo "2707"]
[Annotator "Rogozenco,D"]
[PlyCount "50"]
[EventDate "2002.05.16"]
[EventType "tourn"]
[EventRounds "9"]
[EventCountry "GER"]
[EventCategory "16"]
[SourceTitle "CBM 090"]
[Source "ChessBase"]
[SourceDate "2002.09.20"]
[SourceVersion "1"]
[SourceVersionDate "2002.09.20"]
[SourceQuality "1"]

1. e4 c5 2. Nf3 Nc6 3. d4 cxd4 4. Nxd4 Nf6 5. Nc3 e5 6. Ndb5 d6 7. Bg5 a6 8.
Na3 b5 9. Bxf6 gxf6 10. Nd5 f5 11. Bxb5 {One can't help admiring Thomas
courage to sac a piece against one of the strongest theoreticians in the world.
White's decision seems like an experiment: probably Thomas was willing to
check Leko's analysis in this sharpest line of Sveshnikov Sicilian. Well,
Peter confirmed his status once again...} axb5 12. Nxb5 Ra4 13. b4 {After
Shirov's loss against Kasparov earlier this year I thought 13.b4 will take a
rest for a while. On the other hand this was based rather on subjective
thinking, since the result of that game wasn't necessary a direct consequence
of the opening outcome.} Rxb4 {Luther must have had an improvement over
Shirov-Kasparov. Unless he was willing to force a draw, which frankly speaking,
I doubt.} (13... Qh4 14. O-O Rg8 15. f4 (15. c3 f4 16. Qxa4 Rxg2+ {was a draw
in Luther-McShane, Lippstadt 2000. I guess Thomas would have rather go for 15
f4, trying to improve Shirov's play.}) 15... Kd8 16. c3 (16. Nb6 $5 {The most
serious attempt to improve on Shirov's play.} Rxb4 17. Nxc8 Kxc8 18. Qd5 $13)
16... Ra6 17. a4 $6 fxe4 18. f5 $6 {After this Black is certainly much better.
However, it makes sense to give the whole game, as in the end the cause for
White's loss was same as in our main game: the diagonal a8-h1.} (18. Ndc7 {
and the fight is far from being over yet.} Qh3 19. Qc2 Rb6 20. Kh1 $1 Qh4 (
20... Qd3 21. Qa2 $1) (20... Qg4 21. Nd5 {[%cal Gd5f6]}) 21. a5 Rb7 22. a6 Rxc7
23. Nxc7 Kxc7 24. a7 Bb7 25. a8=Q Bxa8 26. Rxa8 $13) 18... Bb7 19. Ra2 e3 20.
Nxe3 Qe4 21. Re1 Nxb4 22. cxb4 Bh6 23. Kh1 Bxe3 24. Qe2 Rc6 25. a5 Qxb4 26.
Nxd6 Rxd6 27. Qxe3 Qd4 28. Qc1 Qd5 {0-1 Shirov,A-Kasparov,G/Linares 2002}) 14.
Nbc7+ Kd7 15. O-O Rg8 $1 {A strong flexible continuation, which is not a
novelty though.  ...Rg8 can be considered an universal move in 11.Bxb5 line.
As we'll see, Black would better keep the queen on d8 for a while (unlike in
Luther-Reinderman).} (15... Qg5 16. Nxb4 Nxb4 17. c3 {The absence of the queen
from the queenside make Black's king vulnerable.} Kxc7 18. cxb4 fxe4 19. Qa4 {
with attack, Luther,T-Reinderman,D/Venlo 2000. Note that white queen went to
the side opposite to Black's queen.}) (15... Rb7 16. Qh5 $1 {Again black queen
is not able to take countermeasures against her white colleague.} Ne7 17. Qxf7
Kc6 18. Rab1 fxe4 19. Rxb7 Kxb7 20. Rb1+ Kc6 21. Rb6+ Kc5 22. Rb3 {and White
won, Shirov,A-Lautier,J/Monte Carlo 2000.}) 16. g3 (16. Nxb4 Nxb4 17. Nd5 (17.
c3 {comparing to Luther-Reinderman, this fails to impress with black queen on
d8.} Qxc7 18. cxb4 fxe4 {is also good for Black.}) 17... Nxd5 18. Qxd5 Ke7 19.
Rab1 Be6 20. Qb7+ Kf6 21. exf5 Bxf5 22. f4 e4 23. Qd5 Qc8 24. Rb5 Qe6 25. Qd4+
Kg6 26. Qe3 (26. g4 Kh6 $1) 26... h6 $17 {Baer,H-Berriot,B/Latin Am-Cup4 corr
1987}) (16. Qh5 Qg5 $1) 16... Rb7 $1 {Now Black plays like in the game
Shirov-Lautier. The inclusion of the moves g3 and ...Rg8 favours Black.} 17.
Qh5 Qg5 $1 {That's the difference to Shirov-Lautier. The queen gets out. The
next part of the game proves that White is unable to create anything real.} 18.
Qxf7+ Be7 19. Nxe7 Nxe7 20. Ne6 ({After} 20. Nd5 {Black has a pleasant choice
between 20...Kd8 or 20...Qg7, in both cases with a position close to winning
for Black.}) 20... Qg6 21. Nf8+ Rxf8 22. Qxf8 fxe4 23. Rfb1 Rc7 $19 24. a4 e3
25. fxe3 Qe4 {Just like in Shirov-Kasparov, the weakness of the long diagonal
is fatal for White. Another serious blow in this variation.} 0-1

[Event "EU-Cup 18th"]
[Site "Kallithea"]
[Date "2002.09.24"]
[Round "3.1"]
[White "Luther, Thomas"]
[Black "Van Wely, Loek"]
[Result "1/2-1/2"]
[WhiteElo "2551"]
[BlackElo "2645"]
[Annotator "Rogozenco,D"]
[PlyCount "134"]
[EventDate "2002.09.22"]
[EventType "team-swiss"]
[EventRounds "7"]
[EventCountry "GRE"]
[SourceTitle "CBM 092"]
[Source "ChessBase"]
[SourceDate "2003.02.06"]
[SourceVersion "1"]
[SourceVersionDate "2003.02.06"]
[SourceQuality "1"]
[WhiteTeam "Graz Merkur"]
[BlackTeam "Clichy Echecs 92"]
[WhiteTeamCountry "AUT"]
[BlackTeamCountry "FRA"]

1. e4 c5 2. Nf3 Nc6 3. d4 cxd4 4. Nxd4 Nf6 5. Nc3 e5 6. Ndb5 d6 7. Bg5 a6 8.
Na3 b5 9. Bxf6 gxf6 10. Nd5 f5 11. Bd3 Be6 12. O-O Bxd5 13. exd5 Ne7 14. Re1 $5
{An interesting treatment of the position. The move 14.Re1 was first used by
Attila Czebe back in 1997, although he connected it with a different plan 
(c2-c3 later instead of c2-c4.). In this game White makes square f1 available
for the bishop (in case of ...e5-e4) and prepares the move c2-c4.} (14. c4 e4
15. Be2 Bg7 {is a theoretical line, leading to about equal position. In the
game White wants to have the bishop on f1 and rook on e1, which will make
f2-f3 more powerful later on.}) 14... Bg7 (14... e4 15. Bf1 Bg7 16. c3 (16. Rb1
$5 {[%cal Gc2c4] similar to the main game.}) 16... O-O 17. Nc2 Rc8 18. g3 Rc5
19. Ne3 f4 $5 20. gxf4 f5 21. a4 Ng6 $44 {Czebe,A-Starostits,I/Budapest 1997})
15. Rb1 O-O 16. c4 e4 (16... bxc4 17. Nxc4 a5 18. Qh5 e4 19. Bf1 Rc8 20. Ne3 f4
$6 (20... Qd7 $5 21. g3 f4 22. gxf4 f5 $44) 21. Nf5 {[%csl Re4]} e3 22. Bd3 {
was much better for White in Yurtaev,L-Grebionkin,V/Samara 2002}) 17. Bf1 Qb6
$5 (17... bxc4 18. Nxc4 Ng6 19. b4 Ne5 20. a4 Qh4 21. g3 Qg5 22. Nxe5 Bxe5 23.
Kh1 $14 {Van den Doel,E-Al Sayed,M/Bled (Ol.) 2002}) 18. Qh5 {Allows ...Qd4
later.} (18. cxb5 axb5 {is good for Black, who gets a good play on the
queenside.} 19. Bxb5 (19. Nxb5 Rxa2 $15) 19... Rfb8 $5 $44 (19... Bxb2 $5 20.
Rxb2 Rxa3 $13)) (18. b4 $5 {This move, which prevents Black's b5-b4 would have
been the logical continuation of the plan started with 15.Rb1.} Bc3 $5 (18...
Bd4 $6 19. Qd2) (18... Rfc8 $5) 19. Re3 Bd4 20. Rg3+ Kh8 $13 (20... Ng6 $5 $13)
) (18. Qd2 $5 {keeping control over central squares was interesting too.})
18... Rfc8 19. b4 (19. Qg5 Kf8 $13) 19... Qd4 20. Rb3 $5 bxc4 21. Nxc4 Rxc4 22.
Rd1 Rac8 (22... Rc2 $142 $1 {The right way to sac the queen.} 23. Rxd4 Bxd4 24.
Qg5+ (24. Be2 Rxa2 $36 {[%cal Ga8c8]}) 24... Kf8 25. Qh6+ Ke8 $13) (22... Rxb4
23. Rxd4 Rxb3 24. axb3 Bxd4 25. Qg5+ Kf8 26. Qh6+ Ke8 27. Qxd6 $18) 23. Rxd4
Rxd4 24. Rb1 Rc2 25. b5 axb5 26. Bxb5 $5 {[%cal Gb5e8]} Rxd5 {Black must give
up an exchange now and hope to save the endgame with two minor pieces versus
queen.} 27. Ba4 (27. Be8 Ng6) 27... Rxa2 28. Bb3 Raa5 (28... Ra8 {According to
Van Wely Black is only slightly worse after} 29. Bxd5 Nxd5 30. Qxf5 Nc3 31. Re1
d5) 29. Bxd5 Rxd5 30. Rb8+ Bf8 31. Qg5+ Ng6 32. h4 h5 33. Qxh5 {besides the
material advantage White has an initiative on the kingside, threatening to
push the h-pawn. However, after several innacuracies White failed to win.} Kg7
34. g4 Rd1+ 35. Kh2 fxg4 36. Qxg4 Rd2 37. Kg1 $2 (37. h5 {This wins easily:}
Rxf2+ 38. Kg1 Rf4 39. Qc8 $18 {Van Wely}) 37... Be7 38. h5 Rd5 $1 {The trick,
which enables Black to save the piece.} 39. Kf1 Rg5 40. Qxe4 (40. Qe2 Ne5)
40... Rxh5 41. Qa8 Rg5 42. Rb3 (42. Rg8+ Kf6 $16 (42... Kh7 $2 43. Qe8 Rf5 44.
Rxg6 $18)) 42... Bf6 43. Rf3 Rc5 44. Qb7 Rc1+ 45. Ke2 Rc2+ 46. Kd1 Rc5 47. Qd7
Rd5+ 48. Kc2 Rc5+ 49. Kb3 Rd5 50. Ka3 Ra5+ 51. Kb4 Re5 52. Ka4 Be7 53. Rg3 Bh4
54. Rg2 Rd5 55. Kb3 Bg5 56. Qc6 Rd3+ 57. Ka4 Bf6 58. Rg4 d5 59. Qc2 Rf3 60. Qe2
Rf5 61. Rg3 d4 62. Kb3 Re5 63. Qd3 (63. Qg4 Rc5 64. f4 Kf8 $16 {Van Wely})
63... Bh4 64. Rg2 Bxf2 {Killing the last pawn by using the same motif as
earlier - pinning of the white queen.} 65. Rxf2 Re3 66. Kc2 Rxd3 67. Kxd3 Kf8
1/2-1/2

[Event "EU-ch 2nd"]
[Site "Ohrid"]
[Date "2001.06.13"]
[Round "12"]
[White "Nijboer, Friso"]
[Black "Czebe, Attila"]
[Result "1-0"]
[WhiteElo "2580"]
[BlackElo "2502"]
[Annotator "Rogozenco,D"]
[PlyCount "81"]
[EventDate "2001.06.01"]
[EventType "swiss"]
[EventRounds "13"]
[EventCountry "YUG"]
[SourceTitle "CBM 084"]
[Source "ChessBase"]
[SourceDate "2001.09.13"]
[SourceVersion "1"]
[SourceVersionDate "2001.09.13"]
[SourceQuality "1"]

1. e4 c5 2. Nf3 Nc6 3. d4 cxd4 4. Nxd4 Nf6 5. Nc3 e6 6. Ndb5 d6 7. Bf4 e5 8.
Bg5 a6 9. Na3 b5 10. Bxf6 gxf6 11. Nd5 f5 12. Bd3 Be6 13. O-O Bxd5 14. exd5 Ne7
15. c3 Bg7 16. Qh5 {Nijboer plays this position with both colours and has a
big experience in Sveshnikov Sicilian in general. That's why his novelty later
in this game presents a big interest.} e4 17. Bc2 Qc8 18. Rae1 O-O 19. Kh1 Ng6
20. Bb1 Re8 (20... b4) 21. Nc2 $5 $146 {Nobody ever tried this. The advance of
the f-pawn to f3 or f4 was considered obligatory.} (21. f4 exf3 22. Qxf3 Rxe1
23. Rxe1 f4 24. Nc2 a5 25. Rd1 Qc5 26. Nd4 $14 {1-0 Almasi,Z-Krasenkow,M/Malmo
1994 (43)}) 21... f4 ({Another critical continuation is} 21... Nf4 22. Qg5 Nxd5
(22... Nd3 {This move wins an exchange, but White has good compensation thanks
to weaknesses in Black's pawn structure.} 23. Ne3 (23. Re3 $6) 23... h6 (23...
Nxe1 $4 24. Nxf5 $18) (23... f6 24. Qxf5 (24. Qh5 Nxe1 25. Rxe1 Re5 26. f4 exf3
27. Qxf3 $13) 24... Nxe1 25. Rxe1 $44) 24. Qxf5 Nxe1 25. Rxe1 $44) 23. Nd4 (23.
Ne3 Nxe3 24. fxe3 Re5) 23... Ne7 (23... Re5 $2 24. f4 exf3 25. Nxf5 $18) 24. f3
d5 25. fxe4 fxe4 26. Qh5 Rf8 27. Nf5 Nxf5 28. Rxf5 Qe6 29. Rxd5 f5 $13) 22. Nb4
Re5 (22... f5 23. Nc6 $16 {/\24.f3}) 23. Qd1 Qc4 (23... f5 24. Nc6 $16) 24. b3
$1 (24. Nc6 $2 Rxd5) 24... Qxc3 25. Nc6 $16 f3 (25... f5 26. Nxe5 (26. f3 $2
exf3 27. Nxe5 fxg2+ 28. Kxg2 dxe5 $17) 26... Nxe5 (26... Qxe5 27. f3 e3 28. Qd3
Ne7 29. g3 Bh6 30. g4 $16) 27. f3 $1) (25... Ree8 26. Bxe4 $16) 26. Nxe5 fxg2+
27. Kxg2 Bxe5 28. Rxe4 f5 29. Re3 $18 Qb4 30. Kh1 Qh4 31. f4 $1 {By
sacrificing a pawn White opens his rook on f1.} Bxf4 (31... Nxf4 32. Bxf5 $18)
32. Re2 {[%csl Rf5]} Rf8 33. Rg2 Qh6 34. Qe2 Kh8 35. Rgf2 Qh4 36. Rf3 Qg5 37.
Rxf4 $1 Nxf4 38. Qb2+ Rf6 (38... Kg8 39. Rg1 $18) 39. Rxf4 Qxf4 40. Qxf6+ Kg8
41. Qxf5 1-0